Normal view
MARC view
Entry Personal Name
001 - CONTROL NUMBER
- control field: 51193
003 - CONTROL NUMBER IDENTIFIER
- control field: OSt
005 - DATE AND TIME OF LATEST TRANSACTION
- control field: 20220918174639.0
008 - FIXED-LENGTH DATA ELEMENTS
- fixed length control field: 220918|| aca||aabn | a|a d
040 ## - CATALOGING SOURCE
- Original cataloging agency: OSt
- Transcribing agency: OSt
100 ## - HEADING--PERSONAL NAME
- Personal name: Mission Pellikot en Asie centrale
670 ## - SOURCE DATA FOUND
- Source citation: Work cat.: (OSt)154041: Mission Pellikot en Asie centrale 51192, Annales de la societe de geographie commericial fasc 4, 1935
